000 00420cam a22000977a 4500
008 180718bP Contents: Library has 1950, 1961 xxu||||| |||| 00| 0 eng d
082 _aK1201x5442 B639b
245 _aThe Bombay civil services conduct, discipline and appeal rules
_cby Finance Department, Maharashtra
260 _aBombay
_bGovernment Central Press
_cP Contents: Library has 1950, 1961
700 _aMaharashtra. Finance Department
999 _c499692
_d499692